|
|
|
|
| LEADER |
00000cam a2200000 a 4500 |
| 001 |
vtls011573274 |
| 003 |
SK-MaSNL |
| 005 |
20260301041510.0 |
| 008 |
200318s2016 xo ob e 000 0 slo |
| 015 |
|
|
|a SNBE2017
|
| 020 |
|
|
|a 9788097233570 (brož.)
|
| 040 |
|
|
|a SNK
|b slo
|c SNK
|e AACR2
|
| 041 |
0 |
|
|a slo
|a eng
|
| 043 |
|
|
|a e-xo---
|
| 044 |
|
|
|a xo
|c SK
|
| 072 |
|
7 |
|a 913(437)
|x Geografia Česka a Slovenska, reálie, cestovanie
|2 konspekt
|
| 080 |
|
|
|a 904:338.483.12
|2 2011
|
| 080 |
|
|
|a 502.2:338.483.11
|2 2001
|
| 080 |
|
|
|a 913:338.483.1
|2 2001
|
| 080 |
|
|
|a (036)913
|2 2011
|
| 080 |
|
|
|a 913(437.642)
|2 2008
|
| 245 |
0 |
0 |
|a Spišská Nová Ves
|b turistický sprievodca
|c texty: Andrea Jančíková ... [et al.] ; foto: Miroslav Dibák ... [et al.]
|
| 260 |
|
|
|a Spišská Nová Ves
|b Mesto Spišská Nová Ves
|c 2016
|
| 300 |
|
|
|a 43 s.
|b fotogr., mapy
|c 21 cm
|
| 366 |
|
|
|e 5000 výt.
|
| 500 |
|
|
|a Názov z obalu
|
| 546 |
|
|
|a Súbežný text angl.
|
| 650 |
0 |
7 |
|a kultúrne zaujímavosti
|2 SNKPH
|9 247470
|
| 650 |
0 |
7 |
|a prírodné zaujímavosti
|2 SNKPH
|9 67558
|
| 650 |
0 |
7 |
|a turistické zaujímavosti
|2 SNKPH
|9 73869
|
| 650 |
0 |
7 |
|a Cultural features
|2 SNKPHeng
|9 332002
|
| 650 |
0 |
7 |
|a Natural sights
|2 SNKPHeng
|9 276256
|
| 650 |
0 |
7 |
|a Tourist sights
|2 SNKPHeng
|9 296885
|
| 651 |
|
7 |
|a Spišská Nová Ves (Slovensko)
|2 SNKPH
|9 28800
|
| 651 |
|
7 |
|a Spišská Nová Ves (Slovakia)
|2 SNKPHeng
|9 221203
|
| 655 |
|
7 |
|a turistickí sprievodcovia (publikácie)
|2 SNKPH
|9 191298
|
| 655 |
|
7 |
|a Tourist guidebooks
|2 SNKPHeng
|9 291226
|
| 700 |
1 |
|
|a Jančíková, Andrea
|4 aut
|9 267815
|
| 700 |
1 |
|
|a Dibák, Miroslav
|4 pht
|9 343309
|
| 852 |
|
|
|a Štátna vedecká knižnica v Banskej Bystrici
|
| 919 |
|
|
|a 978-80-972335-7-0
|
| 999 |
|
|
|c 588643
|d 590573
|
| 952 |
|
|
|a SNK
|b SNK
|y PREZ
|7 0
|p 17A1211101
|o snkOSC 27620
|i snk2016/20561
|8 0
|0 0
|1 0
|4 0
|d 2016-09-06
|l 0
|r 2026-02-23 15:16:35
|w 2026-02-23
|
| 952 |
|
|
|a SNK
|b SNK
|y VYP
|7 0
|p 17A1211102
|o snkOSC 27620 D1
|i snk2016/20562
|8 0
|0 0
|1 0
|4 0
|d 2016-09-06
|l 0
|r 2026-02-23 15:16:35
|w 2026-02-23
|